Władca Pierścieni, Członkowie Drużyny Pierścienia w 15 sekund! - Statystyki

Ogólne statystyki
  • Ten quiz został rozwiązany 6 348 razy
  • Średni wynik to 5 z 9
Statystyki odpowiedzi
Odpowiedź % Poprawnych
Frodo
86%
Aragorn
67%
Legolas
66%
Gandalf
65%
Sam
63%
Gimli
52%
Boromir
35%
Pippin
31%
Merry
30%
Nie znaleziono quizów pasujących do podanych kryteriów
Rozkład punktacji
Procent ludzi z każdym wynikiem
Percentyl według liczby udzielonych odpowiedzi
Twoja historia wyników
Nie rozwiązałeś tego quizu